000 00717cam a22002291 4500
001 ca 35000775
003 DLC
005 20260227111138.0
008 790828s1932 mau 000 0 eng
010 _aca 35000775
035 _a(OCoLC)5318697
040 _aDLC
_cRPB
_dDLC
042 _apremarc
050 0 0 _aPN4305.M6
_bF733
082 _a815.5
100 1 _aFortenbacher, Olive White.
245 1 0 _aWhen queens ride by,
_ba contest selection, arranged from Agnes Sligh Turnbull's story of the same name,
_cby Olive White Fortenbacher.
260 _aBoston,
_bWalter H. Baker Company,
_c[c1932]
300 _a8 p.
_c20 cm.
440 0 _aBaker's manuscript readings
700 1 _aTurnbull, Agnes Sligh,
_d1888-
999 _c17894
_d17894